| 000 | 01305cam a22002891i 4500 | ||
|---|---|---|---|
| 003 | SA-RiAUC | ||
| 005 | 20251007120450.0 | ||
| 008 | 250723s1984____su f 00000 ara c | ||
| 040 |
_aSA-JeALM _bara _cSA-RiAUC _erda |
||
| 043 | _aa-su--- | ||
| 082 | 0 | 4 |
_a352.2409531 _qSA-RiAUC |
| 090 |
_a352.2409531 _bج هـ ن |
||
| 100 | 1 |
_aالجهني، عيد مسعود، _d1370 هجري- _eمؤلف. |
|
| 245 | 1 | 0 |
_aمجلس الوزراء في المملكة العربية السعودية بين الشريعة الإسلامية والاتجاهات الدستورية المعاصرة/ _cعيد مسعود الجهني. |
| 250 | _aالطبعة الاولى. | ||
| 264 | 1 |
_aالرياض : _bعيد مسعود الجهني، _bمطابع المجد التجارية. _c1984 |
|
| 300 |
_a223 صفحة ؛ _c24 سم |
||
| 336 |
_aنص _btxt _2rdacontent _3كتاب |
||
| 337 |
_aبدون وسيط _bn _2rdamedia |
||
| 338 |
_aمجلد _bnc _2rdacarrier |
||
| 610 | 1 | 7 |
_aالسعودية. _bمجلس الوزراء _2aucnm |
| 650 | 7 |
_aالسلطة التنفيذية _zالسعودية _2aucsh |
|
| 650 | 7 |
_aالشريعة الإسلامية _zالسعودية _2aucsh |
|
| 650 | 7 |
_aالقانون الدستوري _zالسعودية _2aucsh |
|
| 942 |
_2ddc _cBOOK _n0 |
||
| 949 |
_aSA-JeALM _d250723 _uosman123 _n1 |
||
| 999 |
_c12449 _d12449 |
||